Score 0/12 Timer 03:00
0 Plays Today
% Correct
Obese
97.7%
Best
97.7%
Besiege
96%
Asbestos
95.1%
Tribesman
94.5%
Bestow
92.6%
Pubescent
92.6%
Abbess
89.1%
Besmirch
88.7%
Arabesque
87.2%
Besot
80.4%
Bestial
78.8%
Remove Ads.
Support Sporcle.
Get the best of Sporcle when you Go Orange. This ad-free experience offers more features, more stats, and more fun while also helping to support Sporcle. Thank you for becoming a member.

You're not logged in!

Compare scores with friends on all Sporcle quizzes.
OR
Log In

Sporcle TV

Today on Sporcle TV


Watch our educational content, quiz creation guides, and fun videos on Sporcle TV.

Show Comments

Extras

Top Quizzes Today


Score Distribution

Paid Content

Your Account Isn't Verified!

In order to create a playlist on Sporcle, you need to verify the email address you used during registration. Go to your Sporcle Settings to finish the process.

Report this User

Report this user for behavior that violates our Community Guidelines.

Details: